00398nam a2200157Ia 4500003000400000008004100004040001600045082001600061100002000077245004700097260005100144300001000195650001400205650001200219650000900231GCL140319s9999 xx 000 0 eng d aGCL / cGCL04a873.01bF L1 aFANTHAM, ELAINE10aLUGAN: DE BELLO CIVILI / cFANTHAM, ELAINE a[S.N] : bCAMBRIBGE UNIVERSITY PRESS ، c1992 a244 P04aCIVIL WAR04aHISTORY04aROME